000 01464nam a2200349 i 4500
003 EG-GICUC
005 20260314161023.0
008 251116b1976 ua ||||f |||| 00| 0 ara d
040 _a EG-GICUC
_c EG-GICUC
_d EG-GICUC
_erda
_bara
041 _aara
082 0 4 _221
_a345.41
_bع م . ت
092 0 4 _221
099 _aLaw1 07 345.41 ع م . ت 1976
100 0 _aعمر وصفي عقيلي
_eمؤلف.
245 _aتقييم أداء العاملين في الجهاز الحكومي :
_bمفهومه، أهدافه، أنظمته، مشاكله /
_cإعداد الدكتور عمر وصفي عقيلي.
264 _aالقاهرة :
_bجامعة الدول العربية-المنظمة العربية للعلوم الإدارية، مركز البحوث الإدارية،
_c1970.
300 _a76 صفحة :
_c24 سم.
_bإيضاحيات ؛
336 _2rda content
_atext
337 _2rda media
_aComputer
338 _2rda carrier
_aOnline Resource
490 _v196
504 _aيشتمل على ارجاعات ببليوجرافية.
504 _aببليوجرافيا : صفحات 73-76
546 _aالنص باللغة العربية
650 1 _aالقانون الإداري
_2qrmak
650 1 _aالكفاءة الإدارية
650 1 _aالموظفون
_2qrmak
_xتقويم
651 1 _a
856 4 0 _uhttps://fll.law.cu.edu.eg/fulltext/bks/B07-00140.pdf
905 _aWesam Mahmoud
942 _2ddc
_n0
_cBK
_e21
999 _c43385
_d43385